| 000 | 00990nam a22002897a 4500 | ||
|---|---|---|---|
| 003 | OSt | ||
| 005 | 20250820094241.0 | ||
| 008 | 250709b |||||||| |||| 00| 0 eng d | ||
| 020 |
_a9789811928017 (Hardcover) _cUSD 54.00 |
||
| 040 |
_aNUST _beng _cNUST _dNUST _erda |
||
| 050 | _aQC454 WAH | ||
| 100 |
_aWahab, M. A. _eAuthor |
||
| 245 |
_aSymmetry representations of molecular vibrations / _cM. A. Wahab. |
||
| 260 |
_aSingapore : _bSpringer , _c©2023 . |
||
| 300 |
_axiii, 289 pages : _bIllustrations ; _c24 cm. |
||
| 336 |
_2rdamedia _atext _btxt |
||
| 337 |
_2rdamedia _aunmediated _bn |
||
| 338 |
_2rdamedia _avolume _bnc |
||
| 440 |
_aSpringer series in chemical physics _vVolume 126 |
||
| 504 | _aIncludes bibliographical references and index. | ||
| 650 | _v Science Physics . | ||
| 650 | _vModern physics . | ||
| 650 | _vMolecular Physics | ||
| 650 | _vPhysics Optics. | ||
| 650 | _v Light Spectroscopy. | ||
| 942 |
_2lcc _cBOOKS _hQC454 WAH _kQC _mWHA _n0 |
||
| 999 |
_c172192 _d172192 |
||